[Event "EU Universities Rapid"]
[Site "Lodz"]
[Date "2022.07.17"]
[Round "5.12"]
[White "Medvedyk, Volodymyr"]
[Black "Hernandez Torralba, Jose Joaquin"]
[Result "0-1"]
[WhiteElo "2111"]
[BlackElo "2041"]
[PlyCount "84"]
[EventDate "2022.07.16"]
[EventType "team-swiss (rapid)"]
[EventRounds "9"]
[EventCountry "POL"]
[SourceTitle "CBM 209 Extra"]
[Source "ChessBase"]
[SourceDate "2022.09.30"]
[SourceVersion "1"]
[SourceVersionDate "2022.09.30"]
[SourceQuality "1"]
[WhiteTeam "Lvov Physical Cultur Univ"]
[BlackTeam "Valencia Univ"]
[WhiteTeamCountry "UKR"]
[BlackTeamCountry "ESP"]

1. c4 e6 2. g3 d5 3. Bg2 Nf6 4. Nf3 d4 5. a3 a5 6. 0-0 Be7 7. e3 Nc6 8. exd4 Nxd4 9. Nc3 0-0 10. d3 Bc5 11. Bf4 Re8 12. Be5 Nc6 13. d4 Nxe5 14. dxe5 Nd7 15. Qc2 Qe7 16. Rab1 h6 17. Rfd1 Nb6 18. Ne4 a4 19. Ne1 Nd7 20. Qc3 Bb6 21. Nd3 Nc5 22. Nf4 Ra5 23. Nh5 Nxe4 24. Bxe4 Qg5 25. Nf4 Qxe5 26. Qf3 Qf6 27. Bxb7 Bxb7 28. Qxb7 e5 29. Nh3 e4 30. Re1 e3 31. Kg2 Rae5 32. fxe3 Rxe3 33. Rxe3 Rxe3 34. Nf4 g5 35. Qa8+ Kh7 36. Nh5 Qg6 37. Rf1 Re2+ 38. Kf3 Qxh5+ 39. g4 Re3+ 40. Kg2 Qh3+ 41. Kg1 Rg3+ 42. Kh1 Qxf1# 0-1

[Event "EU Universities Rapid"]
[Site "Lodz"]
[Date "2022.07.16"]
[Round "1.14"]
[White "Hernandez Torralba, Jose Joaquin"]
[Black "Houhou, Alexandre"]
[Result "0-1"]
[WhiteElo "2041"]
[BlackElo "2185"]
[PlyCount "68"]
[EventDate "2022.07.16"]
[EventType "team-swiss (rapid)"]
[EventRounds "9"]
[EventCountry "POL"]
[SourceTitle "CBM 209 Extra"]
[Source "ChessBase"]
[SourceDate "2022.09.30"]
[SourceVersion "1"]
[SourceVersionDate "2022.09.30"]
[SourceQuality "1"]
[WhiteTeam "Valencia Univ"]
[BlackTeam "SKEMA Business School"]
[WhiteTeamCountry "ESP"]
[BlackTeamCountry "FRA"]

1. e4 e6 2. d4 d5 3. Nd2 Nf6 4. e5 Nfd7 5. c3 c5 6. f4 Nc6 7. Ndf3 Qb6 8. g3 cxd4 9. cxd4 Bb4+ 10. Kf2 0-0 11. Kg2 f6 12. Bd3 Be7 13. Ne2 a5 14. Bb1 f5 15. h3 Qd8 16. g4 g6 17. Rg1 Kh8 18. Kh2 Rg8 19. gxf5 gxf5 20. Ng5 Bxg5 21. fxg5 Qb6 22. Rg3 Nf8 23. h4 Bd7 24. Rb3 Qc7 25. Nf4 Be8 26. h5 Nxd4 27. Qxd4 Qxc1 28. Bxf5 Qxa1 29. Nxe6 Nxe6 30. Bxe6 Rxg5 31. Bg4 Bc6 32. e6+ Kg8 33. e7 Qe1 34. Qf4 Qh4+ 0-1

[Event "Valencia Cuna op"]
[Site "Valencia"]
[Date "2021.07.23"]
[Round "7"]
[White "Gavarrete, Nahun"]
[Black "Hernandez Torralba, Jose Joaquin"]
[Result "1-0"]
[WhiteElo "2379"]
[BlackElo "2072"]
[PlyCount "49"]
[EventDate "2021.07.19"]
[EventType "swiss"]
[EventRounds "9"]
[EventCountry "ESP"]
[SourceTitle "CBM 203 Extra"]
[Source "ChessBase"]
[SourceDate "2021.09.30"]
[SourceVersion "1"]
[SourceVersionDate "2021.09.30"]
[SourceQuality "1"]

1. e4 c5 2. Nf3 Nc6 3. d4 cxd4 4. Nxd4 Qc7 5. Nc3 e6 6. g3 a6 7. Bg2 h5 8. 0-0 h4 9. Re1 Nf6 10. Bf4 e5 11. Nd5 Qd8 12. Nxc6 dxc6 13. Bxe5 cxd5 14. exd5 Be7 15. d6 Be6 16. dxe7 Qxe7 17. Bd6 Qd7 18. Qd4 hxg3 19. hxg3 Rh5 20. Rad1 Rc8 21. c4 Rg5 22. b3 Rg6 23. Qb6 Nh5 24. Ba3 Qc7 25. Qb4 1-0

[Event "Sitges Sunway online op"]
[Site "Chess.com INT"]
[Date "2020.04.27"]
[Round "9"]
[White "Gokhale, Rishabh Chandrashek"]
[Black "Hernandez Torralba, Jose Joaquin"]
[Result "1-0"]
[WhiteElo "1852"]
[BlackElo "2088"]
[PlyCount "75"]
[EventDate "2020.04.19"]
[EventType "swiss"]
[EventRounds "9"]
[EventCountry "ESP"]
[SourceTitle "EXT 2021"]
[Source "ChessBase"]
[SourceDate "2020.10.23"]
[SourceVersion "1"]
[SourceVersionDate "2020.10.23"]
[SourceQuality "1"]

1. Nf3 c5 2. b3 d6 3. Bb2 Nc6 4. g3 e5 5. d3 f5 6. Bg2 Nf6 7. 0-0 Be7 8. c4 0-0 9. Nc3 Kh8 10. Nd5 Re8 11. a3 Be6 12. Ne1 Bf8 13. Nc2 Nd4 14. Nxf6 Nxc2 15. Nxe8 Nxa1 16. Nxg7 Bxg7 17. Qxa1 Qd7 18. f4 Qc7 19. Bh3 Rf8 20. e4 exf4 21. Bxg7+ Qxg7 22. Qxg7+ Kxg7 23. Rxf4 Kg6 24. Kf2 h5 25. exf5+ Bxf5 26. Bxf5+ Rxf5 27. Rxf5 Kxf5 28. Kf3 Kg5 29. h3 Kf5 30. g4+ hxg4+ 31. hxg4+ Ke5 32. Ke3 a5 33. Kf3 d5 34. Ke3 a4 35. bxa4 dxc4 36. dxc4 b6 37. a5 bxa5 38. a4 1-0

[Event "Guimaraes op 3rd"]
[Site "Guimaraes"]
[Date "2019.08.29"]
[Round "2"]
[White "Hernandez Torralba, Jose Joaquin"]
[Black "Barrento, Jorge Maria Lopes"]
[Result "1/2-1/2"]
[WhiteElo "2061"]
[BlackElo "1745"]
[PlyCount "128"]
[EventDate "2019.08.28"]
[EventType "swiss"]
[EventRounds "7"]
[EventCountry "POR"]
[SourceTitle "EXT 2020"]
[Source "ChessBase"]
[SourceDate "2019.10.17"]
[SourceVersion "1"]
[SourceVersionDate "2019.10.17"]
[SourceQuality "1"]

1. e4 d5 2. exd5 Nf6 3. d4 Bg4 4. Nf3 Qxd5 5. Be2 e6 6. 0-0 Nc6 7. Bf4 Qd7 8. h3 Bh5 9. c3 Be7 10. b4 a6 11. Na3 Nd5 12. Bd2 0-0 13. Nc4 Bf6 14. a3 Rfe8 15. Re1 Rad8 16. Qb3 Qc8 17. Rad1 Nde7 18. Nce5 Bxe5 19. dxe5 Rd7 20. g4 Bg6 21. c4 Red8 22. Bc3 Bd3 23. Bf1 Bxf1 24. Kxf1 Ng6 25. Qc2 Nf4 26. Bd2 Ng6 27. h4 Nd4 28. Nxd4 Rxd4 29. h5 Nf8 30. Bg5 R8d7 31. h6 Ng6 32. hxg7 Rxg4 33. Rxd7 Qxd7 34. Rd1 Rd4 35. Re1 Qc6 36. Be3 Rxc4 37. Qd3 Kxg7 38. Qd8 Nxe5 39. Qg5+ Ng6 40. Qh6+ Kg8 41. Rd1 Qe8 42. Bg5 Ne7 43. Rd3 Rg4 44. Qh5 Qb5 45. Qxg4 Qxd3+ 46. Kg1 Qf5 47. Qg3 Ng6 48. Be3 Qb1+ 49. Kh2 Qe4 50. Kg1 Qb1+ 51. Kh2 Qe4 52. Kg1 Qe5 53. Qg2 c6 54. Qg4 Qf5 55. Qd4 h5 56. Kf1 Qg4 57. Qd7 h4 58. Bd4 Qd1+ 59. Kg2 h3+ 60. Kxh3 Qf3+ 61. Kh2 e5 62. Be3 Nf4 63. Qe8+ Kh7 64. Qxf7+ Kh8 1/2-1/2

[Event "Valencia Region-ch"]
[Site "Valencia"]
[Date "2016.11.19"]
[Round "7"]
[White "Nieves Cabanes, Javier"]
[Black "Hernandez Torralba, Jose Joaquin"]
[Result "0-1"]
[WhiteElo "2182"]
[BlackElo "2075"]
[PlyCount "102"]
[EventDate "2016.10.01"]
[EventType "swiss"]
[EventRounds "7"]
[EventCountry "ESP"]
[SourceTitle "EXT 2024"]
[Source "ChessBase"]
[SourceDate "2023.10.10"]
[SourceVersion "1"]
[SourceVersionDate "2023.10.10"]
[SourceQuality "1"]

1. Nf3 c5 2. c4 Nf6 3. Nc3 d5 4. cxd5 Nxd5 5. g3 Nc7 6. Bg2 Nc6 7. 0-0 e5 8. a3 Be7 9. b4 0-0 10. bxc5 Bxc5 11. Rb1 Qe7 12. Ne4 Bxa3 13. Bxa3 Qxa3 14. Qc1 Qe7 15. Qc5 f5 16. Qxe7 Nxe7 17. Nd6 e4 18. Ne5 Rd8 19. Rfc1 Rxd6 20. Rxc7 Nd5 21. Rc2 Re6 22. d4 b6 23. g4 g6 24. gxf5 gxf5 25. Rbc1 Bb7 26. f3 Nf4 27. e3 Nd3 28. fxe4 Rxe5 29. Rd1 Rxe4 30. Rxd3 Rg4 31. d5 Rd8 32. Kh1 Rg7 33. Rf2 Rc8 34. h4 Rg4 35. Rxf5 Rc2 36. Rg5+ Rxg5 37. hxg5 Kf7 38. Kg1 a5 39. Rb3 Rxg2+ 40. Kf1 Rxg5 41. e4 Ba6+ 42. Kf2 h5 43. Kf3 h4 44. Kf4 Rh5 45. Rb1 Bd3 46. Rd1 Bc2 47. Rf1 Ke7 48. Ke3 h3 49. e5 Rxe5+ 50. Kd4 Rf5 51. Re1+ Kd7 0-1

[Event "Valencia Region-ch"]
[Site "Valencia"]
[Date "2016.11.12"]
[Round "6"]
[White "Hernandez Torralba, Jose Joaquin"]
[Black "Insa Alfonso, Pablo"]
[Result "1/2-1/2"]
[WhiteElo "2075"]
[BlackElo "2209"]
[PlyCount "118"]
[EventDate "2016.10.01"]
[EventType "swiss"]
[EventRounds "7"]
[EventCountry "ESP"]
[SourceTitle "EXT 2024"]
[Source "ChessBase"]
[SourceDate "2023.10.10"]
[SourceVersion "1"]
[SourceVersionDate "2023.10.10"]
[SourceQuality "1"]

1. e4 e5 2. Nf3 Nc6 3. Bc4 Bc5 4. c3 Nf6 5. d4 exd4 6. 0-0 Nxe4 7. cxd4 d5 8. dxc5 dxc4 9. Qe2 Qd3 10. Re1 f5 11. Nc3 0-0 12. Nxe4 fxe4 13. Qxe4 Bf5 14. Qh4 Rae8 15. Bf4 Qd7 16. Ne5 Nxe5 17. Bxe5 Qf7 18. Re3 Re7 19. Rae1 Rfe8 20. Qf4 c6 21. h4 Bg6 22. Qxf7+ Bxf7 23. f4 b5 24. Kf2 h5 25. Rg3 Be6 26. Rd1 Bg4 27. Rd6 Rf7 28. Ke3 Rc8 29. Kd4 a5 30. Re3 Re7 31. a4 bxa4 32. Kxc4 Kf7 33. Kd3 Bf5+ 34. Kd2 Rd7 35. Rxd7+ Bxd7 36. Ra3 g6 37. Rxa4 Ke6 38. Rxa5 Kf5 39. Ra4 Kg4 40. Rd4 Bf5 41. Ke3 Kxh4 42. Kf3 Bg4+ 43. Kf2 Bf5 44. Rd1 Kg4 45. g3 Be6 46. Ra1 Kf5 47. Ke3 Rg8 48. Ra7 g5 49. Rh7 gxf4+ 50. Bxf4 Kg4 51. Rh6 Bd5 52. Kd4 Re8 53. Rg6+ Kh3 54. Be5 Ra8 55. b4 Ra4 56. Kc3 Ra3+ 57. Kc2 Be4+ 58. Kb2 Bxg6 59. Kxa3 Bd3 1/2-1/2

[Event "Mislata op 50th"]
[Site "Mislata"]
[Date "2016.08.11"]
[Round "6"]
[White "Fernandez Ayuso, Sergio Javier"]
[Black "Hernandez Torralba, Jose Joaquin"]
[Result "1-0"]
[WhiteElo "2159"]
[BlackElo "2023"]
[PlyCount "75"]
[EventDate "2016.08.08"]
[EventType "swiss"]
[EventRounds "9"]
[EventCountry "ESP"]
[SourceTitle "CBM 173 Extra"]
[Source "ChessBase"]
[SourceDate "2016.08.29"]
[SourceVersion "1"]
[SourceVersionDate "2016.08.29"]
[SourceQuality "1"]

1. d4 Nf6 2. Nf3 g6 3. Bg5 Bg7 4. Nbd2 d5 5. c3 Nbd7 6. h3 c5 7. Qc2 0-0 8. e3 Re8 9. Bf4 Nf8 10. Be2 Qb6 11. Qb3 Qxb3 12. axb3 Bf5 13. dxc5 Ne6 14. b4 Nxf4 15. exf4 h5 16. 0-0 Bh6 17. Bb5 Rec8 18. Rfe1 Kf8 19. Ng5 Ne8 20. Nh7+ Kg7 21. Ng5 Kf8 22. g3 f6 23. Ngf3 Bxh3 24. Bd3 g5 25. fxg5 fxg5 26. Ne5 e6 27. Ndf3 Ng7 28. Nd4 h4 29. g4 Nh5 30. gxh5 g4 31. Ng6+ Kf7 32. Nxh4 Bg5 33. Ng2 Rh8 34. Bg6+ Kg7 35. Nxe6+ Kf6 36. Nxg5 Kxg5 37. Re5+ Kh6 38. Nf4 1-0

[Event "Mislata op 50th"]
[Site "Mislata"]
[Date "2016.08.09"]
[Round "2"]
[White "Hernandez Torralba, Jose Joaquin"]
[Black "Fernandez Gil, Ruben Carlos"]
[Result "0-1"]
[WhiteElo "2023"]
[BlackElo "2202"]
[PlyCount "74"]
[EventDate "2016.08.08"]
[EventType "swiss"]
[EventRounds "9"]
[EventCountry "ESP"]
[SourceTitle "EXT 2017"]
[Source "ChessBase"]
[SourceDate "2016.10.25"]
[SourceVersion "1"]
[SourceVersionDate "2016.10.25"]
[SourceQuality "1"]

1. e4 c5 2. Nf3 d6 3. d4 cxd4 4. Nxd4 Nf6 5. Nc3 a6 6. Be2 e5 7. Nb3 Be6 8. 0-0 b5 9. a3 Nbd7 10. f4 Rc8 11. Be3 Be7 12. f5 Bc4 13. g4 h5 14. h3 hxg4 15. hxg4 Rh4 16. Bf2 Bxe2 17. Qxe2 Rxg4+ 18. Kh2 Rxc3 19. bxc3 Rxe4 20. Qf3 Ng4+ 21. Kg2 Rf4 22. Qh3 Qa8+ 23. Kg1 Nxf2 24. Rxf2 Qa7 25. Nd4 Rxf2 26. Kxf2 exd4 27. Qh8+ Bf8 28. Re1+ Ne5 29. f6 gxf6 30. Qxf6 d3+ 31. Kf1 d2 32. Rxe5+ dxe5 33. Qxe5+ Qe7 34. Qb8+ Qd8 35. Qe5+ Kd7 36. Qd5+ Kc7 37. Qxf7+ Kb6 0-1

[Event "Mislata op 50th"]
[Site "Mislata"]
[Date "2016.08.08"]
[Round "1"]
[White "Picazo Lopez, Juan Antonio"]
[Black "Hernandez Torralba, Jose Joaquin"]
[Result "1-0"]
[WhiteElo "2198"]
[BlackElo "2023"]
[PlyCount "67"]
[EventDate "2016.08.08"]
[EventType "swiss"]
[EventRounds "9"]
[EventCountry "ESP"]
[SourceTitle "EXT 2017"]
[Source "ChessBase"]
[SourceDate "2016.10.25"]
[SourceVersion "1"]
[SourceVersionDate "2016.10.25"]
[SourceQuality "1"]

1. d4 Nf6 2. c4 g6 3. Nc3 d5 4. cxd5 Nxd5 5. e4 Nxc3 6. bxc3 Bg7 7. Bb5+ c6 8. Ba4 0-0 9. Ne2 c5 10. 0-0 Bd7 11. Bb3 cxd4 12. cxd4 Bb5 13. Be3 Nc6 14. d5 Bxa1 15. Qxa1 Bxe2 16. dxc6 Qd6 17. cxb7 Rab8 18. Re1 Bg4 19. Bh6 e5 20. Bxf8 Kxf8 21. h3 Bd7 22. Rd1 Qc7 23. Bd5 Bb5 24. Rc1 Qd6 25. Rc8+ Kg7 26. Qc3 Bd7 27. Rxb8 Qxb8 28. Qc5 h6 29. a4 a6 30. a5 g5 31. g4 Kg8 32. Qb6 Bb5 33. Qg6+ Kf8 34. Qxf7# 1-0

[Event "ESP-ch U16"]
[Site "Granada"]
[Date "2016.07.22"]
[Round "7"]
[White "Aledo Yanguas, Javier"]
[Black "Hernandez Torralba, Jose Joaquin"]
[Result "1-0"]
[WhiteElo "1868"]
[BlackElo "2003"]
[PlyCount "71"]
[EventDate "2016.07.18"]
[EventType "swiss"]
[EventRounds "9"]
[EventCountry "ESP"]
[SourceTitle "EXT 2024"]
[Source "ChessBase"]
[SourceDate "2023.10.10"]
[SourceVersion "1"]
[SourceVersionDate "2023.10.10"]
[SourceQuality "1"]

1. e4 c5 2. c3 d5 3. exd5 Qxd5 4. d4 Nc6 5. Nf3 Bg4 6. Be2 cxd4 7. cxd4 e6 8. Nc3 Qa5 9. 0-0 Nf6 10. a3 Be7 11. Be3 0-0 12. b4 Qd8 13. Qb3 Bxf3 14. Bxf3 Nxd4 15. Bxd4 Qxd4 16. Bxb7 Rab8 17. Bf3 Rfc8 18. Ne2 Qe5 19. Qa4 Bd6 20. g3 g5 21. Rfe1 Rc7 22. Rad1 Ne8 23. Nd4 Qf6 24. Bg2 Rbc8 25. Nc6 a5 26. Qxa5 Rxc6 27. Bxc6 Rxc6 28. Qa8 Rc2 29. Qxe8+ Kg7 30. Rf1 Bc7 31. Rc1 Rxc1 32. Rxc1 Bb6 33. Rf1 Qb2 34. Qb5 Bd4 35. Qxg5+ Kh8 36. Qf4 1-0

[Event "ESP-ch U16"]
[Site "Granada"]
[Date "2016.07.20"]
[Round "4"]
[White "Hernandez Torralba, Jose Joaquin"]
[Black "Orantes Taboada, Francisco"]
[Result "0-1"]
[WhiteElo "2003"]
[BlackElo "2242"]
[PlyCount "54"]
[EventDate "2016.07.18"]
[EventType "swiss"]
[EventRounds "9"]
[EventCountry "ESP"]
[SourceTitle "EXT 2024"]
[Source "ChessBase"]
[SourceDate "2023.10.10"]
[SourceVersion "1"]
[SourceVersionDate "2023.10.10"]
[SourceQuality "1"]

1. e4 c5 2. Nf3 Nc6 3. d4 cxd4 4. Nxd4 g6 5. Nc3 Bg7 6. Be3 Nf6 7. f3 0-0 8. Qd2 d5 9. 0-0-0 dxe4 10. Nxc6 Qxd2+ 11. Rxd2 bxc6 12. fxe4 Ng4 13. Nd1 Nxe3 14. Nxe3 Rb8 15. b3 Bh6 16. Re2 Rb4 17. c4 a5 18. Kc2 Be6 19. Nd1 a4 20. Rf2 Bg4 21. bxa4 Rfb8 22. Be2 Be6 23. Rhf1 Rb1 24. Kc3 Rc1+ 25. Kd4 Rd8+ 26. Kc5 Bg7 27. Kxc6 Rc8+ 0-1

[Event "ESP-ch U16"]
[Site "Granada"]
[Date "2016.07.19"]
[Round "3"]
[White "Lizuain Toni, Javier"]
[Black "Hernandez Torralba, Jose Joaquin"]
[Result "0-1"]
[WhiteElo "1877"]
[BlackElo "2003"]
[PlyCount "108"]
[EventDate "2016.07.18"]
[EventType "swiss"]
[EventRounds "9"]
[EventCountry "ESP"]
[SourceTitle "EXT 2024"]
[Source "ChessBase"]
[SourceDate "2023.10.10"]
[SourceVersion "1"]
[SourceVersionDate "2023.10.10"]
[SourceQuality "1"]

1. e4 c5 2. Nc3 Nc6 3. Bc4 g6 4. d3 Bg7 5. f4 d6 6. Nge2 e6 7. 0-0 Nge7 8. Ng3 0-0 9. Qe2 Nd4 10. Qf2 d5 11. Bb3 Nxb3 12. axb3 Bd4 13. Be3 Bxe3 14. Qxe3 d4 15. Qd2 dxc3 16. bxc3 b6 17. Qe2 f5 18. Rad1 Nc6 19. exf5 exf5 20. d4 Qe7 21. Qf3 Bb7 22. d5 Nd8 23. Rfe1 Qd7 24. c4 Nf7 25. Ne2 Nd6 26. Nc3 Rae8 27. Re5 Rf7 28. Rde1 Rfe7 29. Qe3 Kf8 30. Qg3 Nf7 31. R5e3 Rxe3 32. Rxe3 Rxe3 33. Qxe3 Qe7 34. Qd2 Nd6 35. Kf1 a6 36. Na4 Ne4 37. Qe2 Qf6 38. g4 Qd4 39. Nxb6 fxg4 40. Nd7+ Kf7 41. Ne5+ Kg7 42. Nxg4 Bc8 43. Ne3 Bh3+ 44. Kg1 Qa1+ 45. Nd1 Qd4+ 46. Ne3 h5 47. Kh1 Kf6 48. Qe1 Qd2 49. Qxd2 Nxd2 50. Kg1 Nf3+ 51. Kf2 Nd4 52. Ke1 Bf5 53. Kd2 a5 54. Kc3 Bc8 0-1

[Event "Valencia Region-ch Preferente"]
[Site "Valencia"]
[Date "2015.11.14"]
[Round "6.4"]
[White "Leon Colan, Carlos Edmundo"]
[Black "Hernandez Torralba, Jose Joaquin"]
[Result "1-0"]
[WhiteElo "1902"]
[BlackElo "1936"]
[PlyCount "28"]
[EventDate "2015.10.03"]
[EventType "swiss"]
[EventRounds "7"]
[EventCountry "ESP"]
[SourceTitle "EXT 2024"]
[Source "ChessBase"]
[SourceDate "2023.10.10"]
[SourceVersion "1"]
[SourceVersionDate "2023.10.10"]
[SourceQuality "1"]

1. d4 Nf6 2. Nf3 g6 3. g3 Bg7 4. Bg2 d5 5. b3 c5 6. Bb2 cxd4 7. 0-0 0-0 8. Bxd4 Nc6 9. Bb2 Re8 10. Ne5 Qb6 11. Nd3 e5 12. Nc3 Bf5 13. e3 Rad8 14. Re1 e4 1-0

[Event "Valencia Region-ch Preferente"]
[Site "Valencia"]
[Date "2015.11.07"]
[Round "5.4"]
[White "Hernandez Torralba, Jose Joaquin"]
[Black "Benitez Lopez, Julio"]
[Result "1-0"]
[WhiteElo "1936"]
[BlackElo "1822"]
[PlyCount "65"]
[EventDate "2015.10.03"]
[EventType "swiss"]
[EventRounds "7"]
[EventCountry "ESP"]
[SourceTitle "EXT 2024"]
[Source "ChessBase"]
[SourceDate "2023.10.10"]
[SourceVersion "1"]
[SourceVersionDate "2023.10.10"]
[SourceQuality "1"]

1. e4 c5 2. Nf3 e6 3. d4 cxd4 4. Nxd4 a6 5. Bd3 g6 6. 0-0 Bg7 7. Nb3 Ne7 8. Nc3 d5 9. Bg5 d4 10. Ne2 Nbc6 11. c3 dxc3 12. Nxc3 0-0 13. Qe2 b5 14. a3 h6 15. Bh4 Qb6 16. Kh1 Re8 17. f4 Bb7 18. Bf2 Qc7 19. e5 Nf5 20. Bxf5 gxf5 21. Bc5 Ne7 22. Bd6 Qb6 23. Rad1 Nd5 24. Nxd5 Bxd5 25. Rxd5 exd5 26. Qd3 Qc6 27. Rc1 Qd7 28. Nc5 Qd8 29. Qxd5 Rc8 30. Rc3 Bf8 31. Rg3+ Kh8 32. Qd4 Qxd6 33. exd6+ 1-0

[Event "Quart de Poblet op 3rd"]
[Site "Quart de Poblet"]
[Date "2015.07.19"]
[Round "4.8"]
[White "Hernandez Torralba, Jose Joaquin"]
[Black "Frometa Castillo, Zirka"]
[Result "0-1"]
[WhiteElo "1853"]
[BlackElo "2092"]
[PlyCount "62"]
[EventDate "2015.07.18"]
[EventType "swiss"]
[EventRounds "7"]
[EventCountry "ESP"]
[SourceTitle "EXT 2024"]
[Source "ChessBase"]
[SourceDate "2023.10.10"]
[SourceVersion "1"]
[SourceVersionDate "2023.10.10"]
[SourceQuality "1"]

1. e4 c6 2. d4 g6 3. Nf3 Bg7 4. c4 d6 5. Be2 Bg4 6. h3 Bxf3 7. Bxf3 Qb6 8. d5 Bxb2 9. Bxb2 Qxb2 10. Nd2 Qb6 11. Rb1 Qc7 12. Qb3 b6 13. dxc6 e5 14. c5 dxc5 15. Nc4 Ne7 16. Rd1 0-0 17. Qe3 Nbxc6 18. h4 f6 19. Qb3 Kg7 20. h5 Nd4 21. Qb2 b5 22. hxg6 hxg6 23. Ne3 Qa5+ 24. Kf1 Rh8 25. Rxh8 Rxh8 26. Kg1 Re8 27. Nd5 Nxd5 28. exd5 c4 29. Rxd4 exd4 30. Qxd4 Qe1+ 31. Kh2 Qe5+ 0-1

[Event "Quart de Poblet op 3rd"]
[Site "Quart de Poblet"]
[Date "2015.07.18"]
[Round "2.8"]
[White "Gimenez Menchon, Cesar"]
[Black "Hernandez Torralba, Jose Joaquin"]
[Result "0-1"]
[WhiteElo "2159"]
[BlackElo "1853"]
[PlyCount "130"]
[EventDate "2015.07.18"]
[EventType "swiss"]
[EventRounds "7"]
[EventCountry "ESP"]
[SourceTitle "EXT 2024"]
[Source "ChessBase"]
[SourceDate "2023.10.10"]
[SourceVersion "1"]
[SourceVersionDate "2023.10.10"]
[SourceQuality "1"]

1. d4 g6 2. e4 Bg7 3. Nc3 c5 4. d5 d6 5. Be2 Nf6 6. Bf4 a6 7. a4 Qb6 8. Qd3 Ng4 9. Nd1 0-0 10. a5 Qc7 11. Bxg4 Bxg4 12. Ne3 Bd7 13. Nf3 Bxb2 14. Ra2 Bg7 15. 0-0 Rd8 16. Rb1 Bb5 17. c4 Bd7 18. h3 Bc8 19. Ng4 Bxg4 20. hxg4 Nd7 21. Bd2 h6 22. g3 Rdb8 23. Kg2 Nf6 24. Nh2 Qd7 25. Qe2 e6 26. Rb6 exd5 27. exd5 Re8 28. Qd3 Re4 29. Bf4 Rd4 30. Qb3 Bf8 31. Rxb7 Qe8 32. Nf3 Re4 33. g5 Ng4 34. gxh6 Rxf4 35. gxf4 Bxh6 36. Ng5 Bxg5 37. fxg5 Qe5 38. Qg3 Qxg5 39. Kh3 f5 40. Qh4 Qxh4+ 41. Kxh4 Ne5 42. Rc2 f4 43. Kh3 Rf8 44. Ra7 Rf5 45. Kg2 f3+ 46. Kf1 Nd3 47. Kg1 Rg5+ 48. Kh2 Rg2+ 49. Kh1 Nxf2+ 50. Rxf2 Rxf2 51. Rxa6 Rc2 52. Rxd6 Kf7 53. Rd7+ Kf6 54. Kg1 g5 55. a6 g4 56. Rd8 Ke5 57. Rg8 Kf4 58. a7 g3 59. Rf8+ Ke3 60. Re8+ Kd4 61. Kf1 Rc1+ 62. Re1 g2+ 63. Kf2 Rxe1 64. a8Q g1Q+ 65. Kxf3 Re3+ 0-1

[Event "Provincial-ch Valencia Primera"]
[Site "Valencia"]
[Date "2013.11.02"]
[Round "4.4"]
[White "Hernandez Torralba, Jose Joaquin"]
[Black "Gil Pou, Jose Luis"]
[Result "0-1"]
[WhiteElo "1547"]
[BlackElo "1803"]
[PlyCount "76"]
[EventDate "2013.10.05"]
[EventType "swiss"]
[EventRounds "7"]
[EventCountry "ESP"]
[SourceTitle "EXT 2024"]
[Source "ChessBase"]
[SourceDate "2023.10.10"]
[SourceVersion "1"]
[SourceVersionDate "2023.10.10"]
[SourceQuality "1"]

1. e4 d6 2. d4 g6 3. Nf3 Bg7 4. Be3 Bg4 5. h3 Bxf3 6. Qxf3 Nd7 7. Bc4 Ngf6 8. Nc3 0-0 9. 0-0 e5 10. d5 a6 11. Qe2 b5 12. Bd3 Nh5 13. Qd2 Nhf6 14. Ne2 Nc5 15. Bxc5 dxc5 16. c3 c4 17. Bc2 Qd6 18. Rad1 Rad8 19. Qe3 c6 20. dxc6 Qxc6 21. Ng3 h5 22. f3 h4 23. Ne2 Nh5 24. Qf2 Bf6 25. f4 Nxf4 26. Nxf4 exf4 27. Qxf4 Kg7 28. e5 Qc5+ 29. Kh1 Qxe5 30. Qf3 Rd6 31. Rxd6 Qxd6 32. Rd1 Qg3 33. Qxg3 hxg3 34. Rd6 Re8 35. Rd1 Re2 36. Bb1 Rxb2 37. Rc1 Bxc3 38. Be4 Rxa2 0-1